Textbook of biochemistry & biophysics for nurses : (Record no. 20042)
[ view plain ]
| 000 -LEADER | |
|---|---|
| fixed length control field | 01152nam a22002775a 4500 |
| 008 - FIXED-LENGTH DATA ELEMENTS--GENERAL INFORMATION | |
| fixed length control field | 150629s2014 ii a frb 001 0 eng d |
| 020 ## - INTERNATIONAL STANDARD BOOK NUMBER | |
| International Standard Book Number | 9789350907320 |
| 040 ## - CATALOGING SOURCE | |
| Original cataloging agency | EG-ScBUE |
| Language of cataloging | eng |
| Modifying agency | EG-ScBUE |
| 082 04 - DEWEY DECIMAL CLASSIFICATION NUMBER | |
| Classification number | 612.015 |
| Item number | SHA |
| Edition number | 22 |
| 100 1# - MAIN ENTRY--PERSONAL NAME | |
| Personal name | Sharma, Suresh K. |
| 9 (RLIN) | 38260 |
| 245 10 - TITLE STATEMENT | |
| Title | Textbook of biochemistry & biophysics for nurses : |
| Remainder of title | as per the syllabus of post basic nursing of Indian Nursing Council (INC) / |
| Statement of responsibility, etc | Suresh K. Sharma. |
| 246 3# - VARYING FORM OF TITLE | |
| Title proper/short title | Textbook of biochemistry and biophysics for nurses : |
| Remainder of title | as per the syllabus of post basic nursing of Indian Nursing Council (INC) |
| 250 ## - EDITION STATEMENT | |
| Edition statement | 1st ed. |
| 260 ## - PUBLICATION, DISTRIBUTION, ETC. (IMPRINT) | |
| Place of publication, distribution, etc | New Delhi : |
| Name of publisher, distributor, etc | Jaypee Brothers Medical Publishers (p) LTD, |
| Date of publication, distribution, etc | 2014. |
| 300 ## - PHYSICAL DESCRIPTION | |
| Extent | xviii, 290 p. : |
| Other physical details | ill. ; |
| Dimensions | 24 cm. |
| 500 ## - GENERAL NOTE | |
| General note | Index : p. 279-290. |
| 504 ## - BIBLIOGRAPHY, ETC. NOTE | |
| Bibliography, etc | Includes bibliographical references. |
| 650 #7 - SUBJECT ADDED ENTRY--TOPICAL TERM | |
| Source of heading or term | BUEsh |
| 9 (RLIN) | 18368 |
| Topical term or geographic name as entry element | Biochemistry |
| Form subdivision | Textbook. |
| 650 #0 - SUBJECT ADDED ENTRY--TOPICAL TERM | |
| Topical term or geographic name as entry element | Biophysics |
| Form subdivision | Textbook. |
| Source of heading or term | BUEsh |
| 9 (RLIN) | 11194 |
| 650 #0 - SUBJECT ADDED ENTRY--TOPICAL TERM | |
| Topical term or geographic name as entry element | Nursing |
| General subdivision | Study and teaching |
| Form subdivision | Textbook. |
| Source of heading or term | BUEsh |
| 9 (RLIN) | 36329 |
| 651 ## - SUBJECT ADDED ENTRY--GEOGRAPHIC NAME | |
| Source of heading or term | BUEsh |
| 653 ## - INDEX TERM--UNCONTROLLED | |
| Resource For college | Nursing |
| Arrived date list | June2015 |
| -- | July2015 |
| 655 ## - INDEX TERM--GENRE/FORM | |
| Form subdivision | |
| -- | 34232 |
| 710 2# - ADDED ENTRY--CORPORATE NAME | |
| Corporate name or jurisdiction name as entry element | Indian Nursing Council (INC) |
| 942 ## - ADDED ENTRY ELEMENTS (KOHA) | |
| Source of classification or shelving scheme | Dewey Decimal Classification |
| Call number prefix | 612.015 SHA |
| Withdrawn status | Lost status | Source of classification or shelving scheme | Damaged status | Not for loan | Koha collection | Home library | Current library | Shelving location | Date acquired | Source of acquisition | Cost, normal purchase price | Serial Enumeration / chronology | Total Checkouts | Total Renewals | Full call number | Barcode | Date last seen | Date last borrowed | Cost, replacement price | Koha item type |
|---|---|---|---|---|---|---|---|---|---|---|---|---|---|---|---|---|---|---|---|---|
| Dewey Decimal Classification | Alahram | Central Library | Central Library | First floor | 29/06/2015 | 107.00 | 323 | 3 | 11 | 612.015 SHA | 000039162 | 15/07/2025 | 23/02/2025 | 133.75 | Book - Borrowing |